[Event "GER-ch"]
[Site "Magdeburg"]
[Date "2020.08.18"]
[Round "3"]
[White "Neurohr, Juergen"]
[Black "Ehmann, Thilo"]
[Result "1-0"]
[WhiteElo "2022"]
[BlackElo "2329"]
[PlyCount "91"]
[EventDate "2020.08.16"]
[EventType "swiss"]
[EventRounds "9"]
[EventCountry "GER"]
[SourceTitle "CBM 197 Extra"]
[Source "ChessBase"]
[SourceDate "2020.09.30"]
[SourceVersion "1"]
[SourceVersionDate "2020.09.30"]
[SourceQuality "1"]

1. d4 Nf6 2. c4 g6 3. Nc3 Bg7 4. e4 0-0 5. f4 d6 6. Nf3 c5 7. d5 e6 8. Be2 exd5 9. cxd5 Bg4 10. 0-0 Nbd7 11. h3 Bxf3 12. Bxf3 a6 13. a4 Rb8 14. a5 Ne8 15. g4 h6 16. Qe1 Bf6 17. Be3 b5 18. e5 dxe5 19. Ne4 exf4 20. Bxf4 Bxb2 21. Bxh6 Ng7 22. Rd1 Re8 23. Qf2 Be5 24. Bg5 f6 25. Qh4 Kf7 26. Bg2 Rh8 27. Qf2 Ne8 28. Bxf6 Nexf6 29. g5 Rc8 30. gxf6 Nxf6 31. Ng5+ Kg8 32. Ne6 Qd6 33. Kh1 Rh5 34. Rde1 Bc3 35. Re3 Ng4 36. Qf7+ Kh8 37. Nf4 Nxe3 38. Nxg6+ Qxg6 39. Qxg6 Rh7 40. Rf7 Rh4 41. Qe6 Rg8 42. Qxe3 Bd4 43. Qe7 Rh6 44. Rf8 c4 45. Rxg8+ Kxg8 46. d6 1-0

[Event "Pfalz op-A 11th"]
[Site "Neustadt an der Weinstrasse"]
[Date "2020.02.21"]
[Round "1"]
[White "Nagy, Gabor"]
[Black "Neurohr, Juergen"]
[Result "1-0"]
[WhiteElo "2488"]
[BlackElo "2075"]
[PlyCount "57"]
[EventDate "2020.02.21"]
[EventType "swiss"]
[EventRounds "9"]
[EventCountry "GER"]
[SourceTitle "CBM 195 Extra"]
[Source "ChessBase"]
[SourceDate "2020.05.31"]
[SourceVersion "1"]
[SourceVersionDate "2020.05.31"]
[SourceQuality "1"]

1. d4 Nf6 2. c4 g6 3. Nc3 Bg7 4. e4 d6 5. f3 0-0 6. Nge2 c5 7. d5 e6 8. Ng3 exd5 9. cxd5 h5 10. Bg5 a6 11. a4 Nbd7 12. Be2 Qc7 13. 0-0 Rb8 14. Be3 Re8 15. Nh1 c4 16. Nf2 Nc5 17. Bxc4 Ncxe4 18. Ncxe4 Nxe4 19. Nxe4 f5 20. Rc1 Qd7 21. Bd3 fxe4 22. Bxe4 Bxb2 23. Rc2 Bg7 24. Qd3 Qxa4 25. Rc4 Qa2 26. Bxg6 Bf5 27. Qxf5 Qxc4 28. Bf7+ Kf8 29. Be6+ 1-0

[Event "Wiesbaden op 31st"]
[Site "Wiesbaden"]
[Date "2019.08.24"]
[Round "4"]
[White "Hassemeier, Mika"]
[Black "Neurohr, Juergen"]
[Result "1-0"]
[WhiteElo "1872"]
[BlackElo "2127"]
[PlyCount "107"]
[EventDate "2019.08.22"]
[EventType "swiss"]
[EventRounds "7"]
[EventCountry "GER"]
[SourceTitle "EXT 2020"]
[Source "ChessBase"]
[SourceDate "2019.10.17"]
[SourceVersion "1"]
[SourceVersionDate "2019.10.17"]
[SourceQuality "1"]

1. d4 Nf6 2. Bg5 Ne4 3. Bf4 c5 4. f3 Nf6 5. dxc5 b6 6. e4 bxc5 7. Nc3 Nc6 8. Bc4 g6 9. Nge2 Bg7 10. Qd2 Qb6 11. h4 h5 12. Rb1 Na5 13. Bd5 Bb7 14. Bxb7 Qxb7 15. Na4 Qb4 16. b3 d6 17. a3 Qxd2+ 18. Bxd2 Nc6 19. b4 Rb8 20. Kf2 c4 21. Nac3 a6 22. Rhd1 0-0 23. Be3 Rb7 24. Nd4 Ne5 25. Ra1 Rd8 26. Bf4 Nfd7 27. Be3 Nf6 28. Ke2 Kh7 29. Rab1 Rdb8 30. Na2 Bh6 31. Bxh6 Kxh6 32. Nc3 Kg7 33. Rb2 Kf8 34. Rdb1 e6 35. a4 Rd8 36. Ra1 Rdb8 37. b5 axb5 38. Ncxb5 d5 39. f4 c3 40. Rb3 Nc4 41. e5 Ne4 42. a5 Nc5 43. a6 Nxb3 44. cxb3 Rxb5 45. Nxb5 Nb6 46. Nxc3 Na8 47. Ra3 Rb6 48. Kd3 Ke7 49. Kd4 Rb4+ 50. Kc5 Rxf4 51. Kc6 Rb4 52. Nb5 Kd8 53. g3 Ke7 54. Nc7 1-0

[Event "Rheinland Pfalz op 10th"]
[Site "Nickenich"]
[Date "2018.06.01"]
[Round "3"]
[White "Neurohr, Juergen"]
[Black "Klein, Guenther"]
[Result "1-0"]
[WhiteElo "2108"]
[BlackElo "1827"]
[PlyCount "117"]
[EventDate "2018.05.31"]
[EventType "swiss"]
[EventRounds "7"]
[EventCountry "GER"]
[SourceTitle "EXT 2019"]
[Source "ChessBase"]
[SourceDate "2018.10.10"]
[SourceVersion "1"]
[SourceVersionDate "2018.10.10"]
[SourceQuality "1"]

1. d4 Nf6 2. c4 e6 3. g3 c5 4. d5 exd5 5. cxd5 d6 6. Bg2 Be7 7. Nc3 0-0 8. Nf3 Bg4 9. Nd2 Nbd7 10. h3 Bh5 11. f4 h6 12. 0-0 g5 13. g4 Bg6 14. Nc4 Ne8 15. e4 a6 16. a4 Nb6 17. Na3 gxf4 18. Bxf4 Bg5 19. Qd2 Bxf4 20. Qxf4 Qg5 21. a5 Nd7 22. Nc4 Qxf4 23. Rxf4 Ne5 24. Nxe5 dxe5 25. Rf2 Nd6 26. Rf6 Rad8 27. h4 h5 28. g5 Rfe8 29. b3 Re7 30. Kf2 Ne8 31. Rb6 Rd6 32. Na4 Rc7 33. Rc1 Rxb6 34. axb6 Rc8 35. Rxc5 Rxc5 36. Nxc5 Nd6 37. Ke3 Nc8 38. Nxb7 Nxb6 39. Bf1 Kg7 40. Bxa6 f6 41. gxf6+ Kxf6 42. Bb5 Ke7 43. b4 Nc8 44. Na5 Nd6 45. Nc6+ Kf6 46. Bd3 Nb7 47. Na5 Nd6 48. Nc4 Nb7 49. b5 Be8 50. b6 Bd7 51. Be2 Be8 52. Na3 Nc5 53. Bb5 Bg6 54. Nc4 Bxe4 55. b7 Nxb7 56. Kxe4 Nc5+ 57. Kf3 Kf5 58. Nd6+ Kf6 59. Ne4+ 1-0

[Event "Rheinland Pfalz op 10th"]
[Site "Nickenich"]
[Date "2018.05.31"]
[Round "2"]
[White "Zirwes, Hans Juergen"]
[Black "Neurohr, Juergen"]
[Result "1/2-1/2"]
[WhiteElo "1850"]
[BlackElo "2108"]
[PlyCount "51"]
[EventDate "2018.05.31"]
[EventType "swiss"]
[EventRounds "7"]
[EventCountry "GER"]
[SourceTitle "CBM 184 Extra"]
[Source "ChessBase"]
[SourceDate "2018.06.28"]
[SourceVersion "1"]
[SourceVersionDate "2018.06.28"]
[SourceQuality "1"]

1. d4 Nf6 2. Nf3 d5 3. c3 e6 4. e3 c5 5. Bd3 Nbd7 6. Nbd2 Bd6 7. 0-0 0-0 8. Re1 e5 9. e4 cxd4 10. cxd4 dxe4 11. Nxe4 Nxe4 12. Rxe4 exd4 13. Rxd4 Bc5 14. Rd5 Qb6 15. Qc2 h6 16. Bf4 Be7 17. Be3 Qe6 18. Rd1 Bf6 19. Bf5 Qc6 20. Qe2 Nb6 21. Rd6 Qb5 22. Bxc8 Rfxc8 23. b3 Rd8 24. Qc2 Rxd6 25. Rxd6 Be7 26. Rd1 1/2-1/2

[Event "Pfalz op-A 9th"]
[Site "Neustadt an der Weinstrasse"]
[Date "2018.02.13"]
[Round "8"]
[White "Neurohr, Juergen"]
[Black "Rietze, Clemens"]
[Result "0-1"]
[WhiteElo "2104"]
[BlackElo "2314"]
[PlyCount "82"]
[EventDate "2018.02.09"]
[EventType "swiss"]
[EventRounds "9"]
[EventCountry "GER"]
[SourceTitle "CBM 182 Extra"]
[Source "ChessBase"]
[SourceDate "2018.02.23"]
[SourceVersion "1"]
[SourceVersionDate "2018.02.23"]
[SourceQuality "1"]

1. d4 Nf6 2. c4 e6 3. g3 d5 4. Bg2 Bb4+ 5. Bd2 Bd6 6. Nf3 c6 7. Qc2 Nbd7 8. 0-0 0-0 9. Bf4 Bxf4 10. gxf4 dxc4 11. Qxc4 Nd5 12. e3 N7b6 13. Qb3 Bd7 14. Nbd2 f6 15. Ne4 Be8 16. Nc5 Qe7 17. Rfc1 Bf7 18. Qd1 Bh5 19. Qb3 Kh8 20. a4 Rab8 21. a5 Na8 22. Nd3 Bg6 23. Nh4 Bxd3 24. Qxd3 Nac7 25. Nf3 Rfd8 26. Rc4 Na6 27. Qa3 Qf7 28. Rac1 Ndc7 29. R4c2 Nb5 30. Qb3 Nac7 31. f5 a6 32. fxe6 Nxe6 33. Nd2 Qe8 34. Rc4 Nexd4 35. exd4 Nxd4 36. Qh3 Ne2+ 37. Kf1 Nxc1 38. Be4 g6 39. Nf3 Rd1+ 40. Kg2 Ne2 41. Bc2 Rd7 0-1

[Event "GER Cup 1516 final"]
[Site "Halle"]
[Date "2016.05.27"]
[Round "4"]
[White "Goergens, Michael"]
[Black "Neurohr, Juergen"]
[Result "0-1"]
[WhiteElo "2094"]
[BlackElo "2060"]
[PlyCount "80"]
[EventDate "2016.05.26"]
[EventType "swiss"]
[EventRounds "5"]
[EventCountry "GER"]
[SourceTitle "EXT 2019"]
[Source "ChessBase"]
[SourceDate "2018.10.10"]
[SourceVersion "1"]
[SourceVersionDate "2018.10.10"]
[SourceQuality "1"]

1. e4 e5 2. Nf3 Nc6 3. Bc4 Nf6 4. Nc3 Nxe4 5. Nxe4 d5 6. Bxd5 Qxd5 7. Qe2 Bf5 8. Nc3 Qe6 9. d3 Bc5 10. Be3 Nd4 11. Bxd4 exd4 12. Qxe6+ Bxe6 13. Ne4 Bb6 14. a4 a5 15. 0-0 0-0 16. Neg5 Bd5 17. Rfe1 Rfe8 18. Nd2 Bc5 19. Nge4 Bb4 20. c3 dxc3 21. bxc3 Bf8 22. Re3 f5 23. Ng3 g6 24. Ne2 Bh6 25. Nf1 Bxe3 26. fxe3 Rad8 27. Kf2 Be6 28. Nc1 Rd6 29. g3 Rb6 30. Ke2 g5 31. Nd2 Bf7 32. d4 h6 33. Nf1 Bc4+ 34. Nd3 f4 35. gxf4 gxf4 36. Rd1 fxe3 37. Nxe3 Rb2+ 38. Kf3 Rb3 39. Kf4 Rxe3 40. Rg1+ Kf8 0-1

[Event "Wiesbaden op 25th"]
[Site "Wiesbaden"]
[Date "2013.08.25"]
[Round "6"]
[White "Neurohr, Juergen"]
[Black "Hahn, Markus"]
[Result "0-1"]
[WhiteElo "2059"]
[BlackElo "2240"]
[PlyCount "50"]
[EventDate "2013.08.22"]
[EventType "swiss"]
[EventRounds "7"]
[EventCountry "GER"]
[SourceTitle "CBM 156 Extra"]
[Source "ChessBase"]
[SourceDate "2013.10.22"]
[SourceVersion "1"]
[SourceVersionDate "2013.10.22"]
[SourceQuality "1"]

1. d4 Nf6 2. c4 e6 3. Nc3 Bb4 4. Qc2 c5 5. dxc5 Bxc5 6. Nf3 0-0 7. a3 a6 8. Bf4 d5 9. e3 dxc4 10. Bxc4 b5 11. Be2 Qb6 12. h3 Bb7 13. 0-0 Nbd7 14. Rac1 Rac8 15. Rfd1 Nd5 16. Nxd5 Bxd5 17. Ng5 Nf6 18. b4 Bxe3 19. Bxe3 Rxc2 20. Rxc2 Qb7 21. Bf3 h6 22. Bxd5 Nxd5 23. Nf3 Nxe3 24. fxe3 Rc8 25. Rcd2 Qe4 0-1